000 01124nam a2200253 4500
999 _c115013
_d115013
003 BJBSDDR
005 20230411090714.0
007 ta
008 060907s1998 dr eng
020 _a9231034235
040 _bspa
_cBJBSDDR
041 _aeng
050 1 4 _aCB 430
_bO93 1998
082 0 0 _a306
100 1 _aPérez de Cuéllar, Javier
245 1 0 _aOur creative diversity :
_bReport of the world commission on culture and development /
_cJavier Pérez de Cuéllar
260 _aParis :
_bUNESCO Publishing,
_c1998
300 _a309 p.
520 _aA new global ethics, 34. -- A commitment to pluralism, 54. -- Creativity and empowerment, 79. -- Challenges of a media - rich world, 107. -- Gender and culture, 130. -- Children and young people, 152. -- Cultural heritage for development, 178. -- Culture and the environment, 211. -- Rethinking cultural policies, 232. -- Research needs, 259. -- International agenda, 289
650 4 _aPolítica cultural
_91293
650 4 _aRelaciones internacionales
_9154
650 4 _aDesarrollo económico
_92531
_xAspectos sociales
942 _2lcc
_cBK